Normal view
MARC view
- Hassan, Hassan,
Entry Personal Name
001 - CONTROL NUMBER
- control field: 98767
003 - CONTROL NUMBER IDENTIFIER
- control field: NUST
005 - DATE AND TIME OF LATEST TRANSACTION
- control field: 20220902110706.0
008 - FIXED-LENGTH DATA ELEMENTS
- fixed length control field: 220902|| aca||aabn | a|a d
040 ## - CATALOGING SOURCE
- Original cataloging agency: NUST
- Transcribing agency: NUST
100 ## - HEADING--PERSONAL NAME
- Personal name: Hassan, Hassan,
- Dates associated with a name: 1982-
670 ## - SOURCE DATA FOUND
- Source citation: Work cat.: (NUST)0: Weiss, Michael (Michael Douglas), author. 98763, ISIS :
